000 00584nam a2200217Ia 4500
001 11441
003 GE_BSU
008 181216s||||||||xx |||||||||||||| ||und||
040 _cGE_BSU
100 _aპაპუნიძე, ვანო
245 _aკივი (Actindia)
245 _cრედ:დავით ბარათაშვილი
260 _aბათუმი.
260 _bმეცნიერება.
260 _c1998
300 _a98გვ;20სმ.
300 _bილ.
541 _h3ლ.
653 _aკივი (Actindia)
942 _cBK
999 _c44638
_d44638